000
00320nam a22001457a 4500
008
210521b ||||| |||| 00| 0 eng d
020
_a
0894681541540
041
_a
eng
080
_a
7
082
_a
7
100
_a
44
101
_a
ART
245
_a
Titian Prince of Painters
_c
Filippa M. Aliberti
942
_2
udc
_c
BK
999
_c
57607
_d
57607